| 000 | 00780nam a2200265Ia 4500 | ||
|---|---|---|---|
| 003 | OSt | ||
| 005 | 20221007104133.0 | ||
| 006 | a|||||r|||| 00| 0 | ||
| 007 | ta | ||
| 008 | 221006b |||||||| |||| 00| 0 eng d | ||
| 020 | _a8126116013 | ||
| 024 | _a15,010 | ||
| 037 | _cTextual | ||
| 040 |
_aLCO _cLCO _beng |
||
| 041 |
_2eng _aeng |
||
| 082 | _aY15:45, P4 | ||
| 100 |
_aWilliam A. Thomas _939311 |
||
| 245 | 0 |
_aWomen Criminals in India _b Sociological and Social Work Perspective |
|
| 260 |
_aNew _bDelhi Anmol Publications Pvt. Ltd. India _c2004 |
||
| 300 | _a257 | ||
| 650 |
_aWOMEN CRIMINALS _9705718 |
||
| 700 |
_a Christopher A. J. _992885 |
||
| 942 |
_hY15:45, P4 _cTEXL |
||
| 999 |
_c1184573 _d1184573 |
||